000
00483nam a2200181Ia 4500
008
090124s9999 xx 000 0 und d
082
_b
6258
_a
417
100
_a
देशपांडे शं.ह.
245
_a
लघुकथा
250
_a
1
260
_c
1942
300
_a
109
600
_a
देशपांडे शं.ह.
630
_a
लघुकथा
700
_a
देशपांडे शं.ह.
730
_a
लघुकथा
942
_c
BOOK
999
_c
120199
_d
120199